000 00431nam a2200181Ia 4500
001 14303
005 20260306164904.0
008 260306t1999||||xx |||||||||||||| ||spa||
041 _aESP
082 _a511.3
_bJ74 1999
100 _aJohnsonbaugh, Richard
_eAUT
245 0 _aMatemáticas discretas
260 _c1999
300 _axvi, 701 páginas :
_c26 cm.
650 _aGEN
654 _aCMA
942 _cLIB
_dJUS
_fJUS
_2ddc
_n
999 _c14303
_d14303